Intercommunalités de la Meuse - Statistiques

Statistiques générales
  • Ce quiz a été pris 39 fois
  • Le résultat moyen est 7 sur 15
Statistiques - réponses
Nombres de Communes Intercommunalités % Correct
25 Communauté d'agglomération du Grand Verdun
100%
33 Communauté d'agglomération Bar-le-Duc Sud Meuse
96%
54 Communauté de communes de Commercy - Void - Vaucouleurs
86%
19 Communauté de communes du Sammiellois
61%
41 Communauté de communes du Pays de Stenay et du Val Dunois
57%
26 Communauté de communes du Pays d'Étain
54%
25 Communauté de communes du Pays de Montmédy
50%
16 Communauté de communes du Pays de Revigny-sur-Ornain
36%
38 Communauté de communes Argonne-Meuse
32%
32 Communauté de communes du Territoire de Fresnes-en-Woëvre
25%
25 Communauté de communes Val de Meuse - Voie Sacrée
25%
25 Communauté de communes Côtes de Meuse - Woëvre
21%
41 Communauté de communes de Damvillers Spincourt
18%
47 Communauté de communes De l'Aire à l'Argonne
18%
51 Communauté de communes des Portes de Meuse
7%
Aucun quiz correspondant
Distribution des résultats
% des personnes avec chaque résultat
Percentile par nombre de réponses
Votre historique - résultats
Vous n’avez pas pris ce quiz